Bilecik Bilecik Bilecik Bilecik Bilecik

Kelâm-ı Azîz : (Record no. 55871)

MARC details
000 -BAŞLIK
Sabit Uzunluktaki Kontrol Alanı 01127nam a22003497a 4500
001 - KONTROL NUMARASI
Control Dosyası 0056063
003 - KONTROL NUMARASI KİMLİĞİ
Kontrol Alanı KOHA_MİRAKIL
005 - EN SON İŞLEM TARİHİ ve ZAMANI
Kontrol Alanı 20260207004037.0
007 - FİZİKSEL TANIM SABİT ALAN - GENEL BİLGİ
Sabit uzunluklu kontrol alanı ta
008 - SABİT UZUNLUKTAKİ VERİ ÖGELERİ - GENEL BİLGİ
Sabit Alan 160229b2015 tu |||gr||||#||||0|tur |
020 ## - ISBN - ULUSLARARASI STANDART KİTAP NUMARASI
Isbn 9789759161606
040 ## - KATALOGLAMA KAYNAĞI
Özgün Kataloglama Kurumu TR-BiSEU
Kataloglama Dili tur
Çeviri Kurumu TR-BiSEU
Açıklama Kuralları rda
041 0# - DİL KODU
Metin ya da ses kaydının dil kodu tur
044 ## - YAYINLAYAN/ÜRETEN KURULUŞUN ÜLKE KODU
ISO country code tu
050 ## - SINIFLAMA ve YER NUMARASI
Sınıflama Numarası BP189
Yer Numarası .S23 2015
100 1# - KİŞİ ADI
Yazar Adı (Kişi adı) Şabânî, Ünsî Hasan.
245 1# - ESER ADI BİLDİRİMİ
Başlık Kelâm-ı Azîz :
Alt Eseradı vb. bir erenin söyledikleri/
Sorumluluk Bildirimi Ünsî Hasan Şabânî ; Ünsi Hasan Şabani ; derleyen İbrahim Hâs ; çeviren ve sadeleştiren Mustafa Tatcı, Cemal Kurnaz.
264 #1 - ÜRERİM, YAYIN, DAĞITIM ve TELİF BİLDİRİMİ
Yayın yeri İstanbul :
Yayınlayan Sufi Kitap
Yayın tarihi 2015
300 ## - FİZİKSEL TANIMLAMA
Sayfa, Cilt vb. 67 sayfa ;
Boyutları 20 cm.
336 ## - İÇERİK TÜRÜ
Content type term metin
Content type code txt
Source rdacontent
337 ## - MEDYA TÜRÜ
Media type term aracısız
Media type code n
Source rdamedia
338 ## - TAŞIYICI TÜRÜ
Carrier type term cilt
Carrier type code nc
Source rdacarrier
490 1# - DİZİ BİLDİRİMİ
Dizi Bildirimi Sufi kitap no ;
Cilt Numarası 59.
490 1# - DİZİ BİLDİRİMİ
Dizi Bildirimi Tasavvuf klasikleri ;
Cilt Numarası 05.
650 #0 - KONU BAŞLIĞI EK GİRİŞ - KONU TERİMİ
Konusal terim veya coğrafi ad Sufism.
9 (RLIN) 8189
650 #0 - KONU BAŞLIĞI EK GİRİŞ - KONU TERİMİ
Konusal terim veya coğrafi ad Mysticism--Islam.
9 (RLIN) 16696
650 #0 - KONU BAŞLIĞI EK GİRİŞ - KONU TERİMİ
Konusal terim veya coğrafi ad Tasavvuf.
9 (RLIN) 8184
650 #0 - KONU BAŞLIĞI EK GİRİŞ - KONU TERİMİ
Konusal terim veya coğrafi ad Mistisizm--İslam.
9 (RLIN) 42283
830 1# - SERİ EK GİRİŞİ - TEKBİÇİM ESER ADI
Tekbiçim Başlık Sufi kitap no ;
Volume number/sequential designation 59.
9 (RLIN) 103863
830 1# - SERİ EK GİRİŞİ - TEKBİÇİM ESER ADI
Tekbiçim Başlık Tasavvuf klasikleri ;
Volume number/sequential designation 05.
9 (RLIN) 103864
942 ## - EK GİRİŞ ÖGELERİ (KOHA)
Source of classification or shelving scheme Library of Congress Classification
Koha item type Book
Holdings
Materyal Türü Kalıcı Konum Mevcut Konum Raf Yeri Sınıflandırma Kaynağı Edinim Bilgisi Ana Konular Alt Konular Yer Numarası Demirbaş Numarası Fatura Tarihi Geri Çekilme Durumu Kayıp Durumu Hasarlı Durumu Kredi için değil Kayıt Tarih Toplam Ödünçverme Son Görülme Tarihi Son Kontrol Tarihi Genel / Bağış Notu
Book Prof. Dr. Azmi Özcan Kütüphanesi Prof. Dr. Azmi Özcan Kütüphanesi Uluğbey Salonu Library of Congress Classification Bağış FELSEFE, PSİKOLOJİ, DİN İslam, Bahailik, Teozofi vb. BP189 .S23 2015 0056063 02/02/2026         29/02/2016   05/12/2024 05/12/2024 Nabi Avcı, Akademisyen